000 00742nam a2200205 a 4500
003 0
005 20250225110550.0
008 111114s19uu xx 00 eng d
050 _aPGS LB 1131
_b.C117 2011
100 _aCabral, Angelica Joy de Guzman.
245 _aLevel of motivation of reading skills assessment of SISC grade 6 students /
_cAngelica Joy de Guzman Cabral.
260 _aLas PiƱas City, Philippines :
_bSouthville International School and Colleges,
_c2011.
300 _a30 pages :
_billustrations ;
_c28 cm.
504 _aIncludes bibliographical references.
650 _aReading skills.
650 _aReading motivation.
650 _aStudent motivation.
650 _aEducational assessment.
942 _2lcc
_cPASS
999 _c98609
_d98609